<?xml version="1.0" encoding="UTF-8"?>
<record
    xmlns:xsi="http://www.w3.org/2001/XMLSchema-instance"
    xsi:schemaLocation="http://www.loc.gov/MARC21/slim http://www.loc.gov/standards/marcxml/schema/MARC21slim.xsd"
    xmlns="http://www.loc.gov/MARC21/slim">

  <leader>01012nam a2200229 a 4500</leader>
  <controlfield tag="001">BRCA_1880</controlfield>
  <controlfield tag="005">20190320203603.0</controlfield>
  <controlfield tag="008">130608s1991----nuya---###---#000-0#eng-#</controlfield>
  <datafield tag="020" ind1=" " ind2=" ">
    <subfield code="a">1879128039</subfield>
  </datafield>
  <datafield tag="050" ind1=" " ind2="4">
    <subfield code="a">E59.M3</subfield>
    <subfield code="b">.C68 1991</subfield>
  </datafield>
  <datafield tag="100" ind1="1" ind2=" ">
    <subfield code="a">Couch, N. C. Christopher</subfield>
    <subfield code="9">5812</subfield>
  </datafield>
  <datafield tag="245" ind1="1" ind2="0">
    <subfield code="a">Fases of Eternity</subfield>
    <subfield code="b">Masks of the Pre-Columbian Americas</subfield>
    <subfield code="c">N.C. Christopher Couch.</subfield>
  </datafield>
  <datafield tag="260" ind1=" " ind2=" ">
    <subfield code="a">New York</subfield>
    <subfield code="b">Americas Society</subfield>
    <subfield code="c">1991</subfield>
  </datafield>
  <datafield tag="300" ind1=" " ind2=" ">
    <subfield code="a">79 p.</subfield>
    <subfield code="b">il. (algunas a color)</subfield>
    <subfield code="c">25 cm.</subfield>
  </datafield>
  <datafield tag="500" ind1=" " ind2=" ">
    <subfield code="a">Cat&#xE1;logo de la exposici&#xF3;n realizada en Americas Society (Nueva York), 19 septiembre - 15 diciembre, 1991 y en el North Carolina Museum of Art (Raleigh, North Carolina), 19 mayo - 31 julio, 1992</subfield>
  </datafield>
  <datafield tag="504" ind1=" " ind2=" ">
    <subfield code="a">Bibliograf&#xED;a : p. 77-79</subfield>
  </datafield>
  <datafield tag="650" ind1="1" ind2="4">
    <subfield code="a">Marcas</subfield>
    <subfield code="v">Exposiciones</subfield>
    <subfield code="z">Am&#xE9;rica Central</subfield>
    <subfield code="9">5813</subfield>
  </datafield>
  <datafield tag="650" ind1="1" ind2="4">
    <subfield code="a">Marcas</subfield>
    <subfield code="v">Exposiciones</subfield>
    <subfield code="z">Am&#xE9;rica del Norte</subfield>
    <subfield code="9">5814</subfield>
  </datafield>
  <datafield tag="650" ind1="1" ind2="4">
    <subfield code="a">Marcas ind&#xED;genas</subfield>
    <subfield code="v">Exposiciones</subfield>
    <subfield code="z">Am&#xE9;rica Central</subfield>
    <subfield code="9">5815</subfield>
  </datafield>
  <datafield tag="650" ind1="1" ind2="4">
    <subfield code="a">Ind&#xED;genas en Am&#xE9;rica del Norte</subfield>
    <subfield code="v">Exposiciones</subfield>
    <subfield code="x">Marcas</subfield>
    <subfield code="9">5816</subfield>
  </datafield>
  <datafield tag="942" ind1=" " ind2=" ">
    <subfield code="2">lcc</subfield>
    <subfield code="c">B</subfield>
  </datafield>
  <datafield tag="999" ind1=" " ind2=" ">
    <subfield code="c">1657</subfield>
    <subfield code="d">1657</subfield>
  </datafield>
  <datafield tag="952" ind1=" " ind2=" ">
    <subfield code="0">0</subfield>
    <subfield code="1">0</subfield>
    <subfield code="4">0</subfield>
    <subfield code="7">0</subfield>
    <subfield code="a">BRCA</subfield>
    <subfield code="b">BRCA</subfield>
    <subfield code="d">2008-07-30</subfield>
    <subfield code="l">0</subfield>
    <subfield code="o">E59.M3 .C68 1991</subfield>
    <subfield code="p">00192</subfield>
    <subfield code="r">2019-03-22 00:00:00</subfield>
    <subfield code="w">2019-03-22</subfield>
    <subfield code="y">B</subfield>
  </datafield>
</record>
